Katondwe: (Record no. 125188)
[ view plain ]
| 000 -LEADER | |
|---|---|
| fixed length control field | 00635nam a22001697a 4500 |
| 008 - FIXED-LENGTH DATA ELEMENTS--GENERAL INFORMATION | |
| fixed length control field | 160908b xxu||||| |||| 00| 0 eng d |
| 050 ## - LIBRARY OF CONGRESS CALL NUMBER | |
| Classification number | BX3747.Z3 K19 |
| 245 ## - TITLE STATEMENT | |
| Title | Katondwe: |
| Remainder of title | the Polish Mission of Luangwa in Northern Rhodesia (Zambia) |
| Statement of responsibility, etc | Edited by Edward Murphy and translated by Jan Kielbasa |
| 260 ## - PUBLICATION, DISTRIBUTION, ETC. (IMPRINT) | |
| Place of publication, distribution, etc | Lusaka |
| Name of publisher, distributor, etc | Jesuit Province of Zambia/Malawi |
| Date of publication, distribution, etc | 2016 |
| 300 ## - PHYSICAL DESCRIPTION | |
| Extent | 283p. ; |
| Dimensions | 21cm. |
| 500 ## - GENERAL NOTE | |
| General note | Computer printout |
| 650 ## - SUBJECT ADDED ENTRY--TOPICAL TERM | |
| Topical term or geographic name as entry element | Jesuits in Zambia |
| General subdivision | History |
| 9 (RLIN) | 11147 |
| 650 ## - SUBJECT ADDED ENTRY--TOPICAL TERM | |
| Topical term or geographic name as entry element | Luangwa Mission (Zambia) |
| General subdivision | History |
| 9 (RLIN) | 25605 |
| 700 ## - ADDED ENTRY--PERSONAL NAME | |
| Personal name | Murphy, Edward |
| Relator term | ed. |
| 9 (RLIN) | 27224 |
| 700 ## - ADDED ENTRY--PERSONAL NAME | |
| Personal name | Kielbasa, Jan |
| Relator term | tr. |
| 9 (RLIN) | 27225 |
| 942 ## - ADDED ENTRY ELEMENTS (KOHA) | |
| Source of classification or shelving scheme | Library of Congress Classification |
| Item type | Monograph ( Printed materials) |
| Withdrawn status | Lost status | Source of classification or shelving scheme | Damaged status | Not for loan | Collection code | Home library | Current library | Shelving location | Date acquired | Total Checkouts | Full call number | Barcode | Date last seen | Date last borrowed | Price effective from | Koha item type |
|---|---|---|---|---|---|---|---|---|---|---|---|---|---|---|---|---|
| Library of Congress Classification | Main Collection | ARRUPE LIBRARY | ARRUPE LIBRARY | Main Collection | 08/09/2016 | 3 | BX3747.Z3 K19 | 46500010174 | 26/08/2019 | 23/08/2019 | 08/09/2016 | Monograph ( Printed materials) |